|
|
|
|
| LEADER |
00000nam0a2200000 4500 |
| 001 |
294847 |
| 005 |
20231102000739.0 |
| 020 |
|
|
|a RU
|b 84-12394
|
| 035 |
|
|
|a (RuTPU)RU\TPU\book\319921
|
| 090 |
|
|
|a 294847
|
| 100 |
|
|
|a 20150518d1984 km y0rusy5003 ca
|
| 101 |
0 |
|
|a rus
|
| 102 |
|
|
|a UA
|
| 105 |
|
|
|a a z 001zy
|
| 200 |
1 |
|
|a Отработка тонких угольных пластов
|f А. Ф. Оксин, В. Л. Иванов
|
| 210 |
|
|
|a Киев
|c Технiка
|d 1984
|
| 215 |
|
|
|a 72 с.
|c ил.
|
| 225 |
1 |
|
|a Библиотека передового опыта. Технология производства
|
| 320 |
|
|
|a Библиогр.: с. 72
|
| 606 |
1 |
|
|a Угольные пласты, тонкие
|x Производительность труда
|2 stltpush
|3 (RuTPU)RU\TPU\subj\62756
|9 79823
|
| 610 |
1 |
|
|a угледобыча
|
| 610 |
1 |
|
|a комплексная механизация
|
| 610 |
1 |
|
|a отработка
|
| 610 |
1 |
|
|a выемка
|
| 610 |
1 |
|
|a передовой опыт
|
| 610 |
1 |
|
|a материальное поощрение
|
| 610 |
1 |
|
|a щитовые агоегаты
|
| 675 |
|
|
|a 622.333.03
|z rus
|v 3
|
| 700 |
|
1 |
|a Оксин
|b А. Ф.
|g Адий Филиппович
|4 070
|
| 701 |
|
1 |
|a Иванов
|b В. Л.
|g Владимир Леонидович
|4 070
|
| 801 |
|
0 |
|a RU
|b RuMRKP
|c 19950704
|g psbo
|
| 801 |
|
1 |
|a RU
|b 63413507
|c 20150518
|
| 801 |
|
2 |
|a RU
|b 63413507
|c 20181108
|g RCR
|
| 942 |
|
|
|c BK
|